Ohio Counties - Tile Select - Statistics

General Stats
  • This quiz has been taken 53 times
  • The average score is 32 of 45
Answer Stats
Question Tile Select % Correct
Counties that border Lake Erie. Erie County Yes
96%
Counties that border Lake Erie. Cuyahoga County Yes
94%
Counties that border Lake Erie. Lawrence County No
91%
Counties with a city whose population exceeds 50k. Cuyahoga County Yes
87%
Counties whose seat are within a 60 minute drive of downtown Columbus (on an ordinary day). Franklin County Yes
87%
Counties with a city whose population exceeds 50k. Paulding County No
87%
Counties that border Lake Erie. Perry County No
87%
Counties with a city whose population exceeds 50k. Coshocton County No
83%
Counties whose seat are within a 60 minute drive of downtown Columbus (on an ordinary day). Cuyahoga County No
83%
Counties that border the Ohio River. Lawrence County Yes
83%
Counties whose seat are within a 60 minute drive of downtown Columbus (on an ordinary day). Putnam County No
83%
Counties whose seat are within a 60 minute drive of downtown Columbus (on an ordinary day). Fulton County No
81%
Counties that border the Ohio River. Hamilton County Yes
81%
Counties that border the Ohio River. Muskingum County No
81%
Counties whose seat are within a 60 minute drive of downtown Columbus (on an ordinary day). Delaware County Yes
79%
Counties that border Lake Erie. Geauga County No
79%
Counties that border Lake Erie. Ashtabula County Yes
77%
Counties that border the Ohio River. Pike County No
77%
Counties whose seat are within a 60 minute drive of downtown Columbus (on an ordinary day). Allen County No
74%
Counties that border the Ohio River. Butler County No
74%
Counties with territory in the Lake Erie watershed. Delaware County No
74%
Counties that border the Ohio River. Jefferson County Yes
74%
Counties that border the Ohio River. Mahoning County No
74%
Counties with territory in the Lake Erie watershed. Darke County No
72%
Counties with a city whose population exceeds 50k. Lorain County Yes
72%
Counties that border Lake Erie. Lucas County Yes
72%
Counties with territory in the Lake Erie watershed. Medina County Yes
72%
Counties whose seat are within a 60 minute drive of downtown Columbus (on an ordinary day). Scioto County No
72%
Counties with a city whose population exceeds 50k. Summit County Yes
72%
Counties whose seat are within a 60 minute drive of downtown Columbus (on an ordinary day). Hocking County Yes
66%
Counties with a city whose population exceeds 50k. Montgomery County Yes
66%
Counties with a city whose population exceeds 50k. Sandusky County No
64%
Counties that border Lake Erie. Huron County No
60%
Counties with territory in the Lake Erie watershed. Logan County No
60%
Counties that border the Ohio River. Athens County Yes
57%
Counties whose seat are within a 60 minute drive of downtown Columbus (on an ordinary day). Clark County Yes
57%
Counties with a city whose population exceeds 50k. Mahoning County Yes
57%
Counties that border Lake Erie. Sandusky County Yes
55%
Counties with a city whose population exceeds 50k. Butler County Yes
53%
Counties with territory in the Lake Erie watershed. Fulton County Yes
53%
Counties that border the Ohio River. Columbiana County Yes
51%
Counties with territory in the Lake Erie watershed. Holmes County No
49%
Counties with territory in the Lake Erie watershed. Hardin County Yes
45%
Counties with territory in the Lake Erie watershed. Mahoning County No
45%
Counties with territory in the Lake Erie watershed. Van Wert County Yes
43%
No matching quizzes found
Score Distribution
Percent of People with Each Score
Percentile by Number Answered
Your Score History
You have not taken this quiz